[Event "1st Gujarat GM Open 2018"]
[Site "Ahmedabad"]
[Date "2018.10.10"]
[Round "8"]
[White "Stany, G.A."]
[Black "Vignesh N R"]
[Result "0-1"]
[WhiteElo "2502"]
[BlackElo "2447"]
[Annotator "TA"]
[PlyCount "66"]
[EventDate "2018.10.05"]
[EventType "swiss"]
[EventCountry "IND"]
[SourceTitle "playchess.com"]
[Source "ChessBase"]
[SourceQuality "1"]

{[%evp 23,66,52,37,52,41,0,0,-20,0,-309,-293,-400,-402,-394,-395,-381,-392,-522,-503,-509,-270,-489,-248,-815,-503,-500,-498,-495,-494,-513,-513,-498,-497,-495,-435,-435,-435,-435,-435,-435,-431,-509,-510,-493,-488]} 1. e4 c5 2. Nf3 d6 3. d4 cxd4 4. Nxd4 Nf6 5. Nc3 a6 6. Be3 e5 7. Nb3 Be6 8. f3 Be7 9. Qd2 O-O 10. O-O-O a5 11. a4 Nc6 12. g4 Nb4 13. Kb1 {B90: Sicilian Najdorf: Unusual White 6th moves, 6 Be3 Ng4 and 6 Be3 e5} (13. g5 Nh5 14. Bb5 Rc8 15. Kb1 f5 16. gxf6 Nxf6 17. Rhg1 d5 18. Bh6 Rf7 19. Qg5 Ng4 20. Qh5 Nxh6 21. Qxh6 {1-0 (41) Yu,Y (2759)-Gao,R (2561) Tianjin 2018}) 13... Rc8 14. Bb5 (14. h4 $14) 14... d5 $1 $11 {[%cal Rd5d4]} 15. g5 {The position is equal.} Ne8 $1 {Hoping for ...d4.} 16. Bxe8 $2 {[%mdl 8192]} (16. exd5 $11 Bf5 17. Rc1) 16... Qxe8 $19 (16... Rxe8 17. exd5 Bf5 18. Na1 $15) 17. exd5 Bf5 18. Na1 {[#]} Rxc3 $1 {[%mdl 512]} 19. Qxc3 $146 {aiming for d6.} (19. bxc3 Qxa4) ({Predecessor:} 19. bxc3 Qxa4 20. cxb4 Bxb4 {0-1 (38) Amgalanbaatar,R (1988)-Tsolakidou,S (2387) Caleta 2017}) 19... Qxa4 20. Qa3 Bxc2+ 21. Nxc2 Qxc2+ 22. Ka1 {[#] intending d6.} Nxd5 $1 {[%mdl 512]} 23. Qd3 $2 (23. Rc1 Qxc1+ 24. Bxc1 Bxa3 25. bxa3) (23. Rxd5 Bxa3) 23... Nb4 {Black is clearly winning.} 24. Qxc2 Nxc2+ 25. Ka2 {White wants to play Rd7.} Nxe3 26. Rd7 Bxg5 27. Rxb7 Nf5 28. Rb5 Bd2 29. Rxe5 g6 30. Rd1 Bb4 31. Rd7 Kg7 32. Rb5 Re8 33. Rbb7 Nh6 {Precision: White = 50%, Black = 81%.} 0-1

[Event "1st Gujarat GM Open 2018"]
[Site "Ahmedabad"]
[Date "2018.10.10"]
[Round "8"]
[White "Harsha Bharathakoti"]
[Black "Rahul Srivatshav P"]
[Result "1-0"]
[WhiteElo "2492"]
[BlackElo "2395"]
[Annotator "RC"]
[PlyCount "137"]
[EventDate "2018.10.05"]
[EventType "swiss"]
[EventCountry "IND"]
[SourceTitle "playchess.com"]
[Source "ChessBase"]
[SourceQuality "1"]
[TimeControl "5400+30"]

1. d4 {[%emt 0:00:00]} Nf6 {[%emt 0:00:00]} 2. Bg5 {[%emt 0:01:49]} g6 {[%emt 0:01:52]} 3. Bxf6 {[%emt 0:01:41]} exf6 {[%emt 0:01:17]} 4. e3 {[%emt 0:00:05]} d5 {[%emt 0:00:49]} 5. c4 {[%emt 0:00:19]} dxc4 {[%emt 0:02:30]} 6. Bxc4 {[%emt 0:00:19]} Bd6 {[%emt 0:00:20]} 7. Nc3 {[%emt 0:01:45]} c6 {[%emt 0:02:11]} 8. Nf3 {[%emt 0:02:32]} O-O {[%emt 0:05:26]} 9. O-O {[%emt 0:01:18]} Nd7 {[%emt 0:02:35]} 10. Bb3 {[%emt 0:16:24]} f5 {[%emt 0:10:43]} 11. h3 {[%emt 0:21:49]} Qe7 {[%emt 0:04:37]} 12. Re1 {[%emt 0:02:21]} Nf6 {[%emt 0:00:49]} 13. Nd2 {[%emt 0:01:49]} Bd7 {[%emt 0:19:30]} 14. Qf3 {[%emt 0:16:47]} Rae8 {[%emt 0:01:39]} 15. e4 {[%emt 0:00:34]} fxe4 {[%emt 0:02:05]} 16. Ndxe4 {[%emt 0:05:43]} Nxe4 {[%emt 0:07:29]} 17. Rxe4 {[%emt 0:01:58]} Qd8 {[%emt 0:00:58]} 18. Rxe8 {[%emt 0:01:40]} Qxe8 {[%emt 0:03:45]} 19. Ne4 {[%emt 0:03:09]} Qe7 {[%emt 0:03:10]} 20. d5 {[%emt 0:08:04]} cxd5 {[%emt 0:13:30]} 21. Nxd6 {[%emt 0:01:31]} Qxd6 {[%emt 0:01:07]} 22. Bxd5 {[%emt 0:01:16]} Bc6 {[%emt 0:02:15]} 23. Bxc6 {[%emt 0:00:05]} Qxc6 {[%emt 0:00:22]} 24. Qxc6 {[%emt 0:00:37]} bxc6 {[%emt 0:00:06]} 25. Rc1 {[%emt 0:01:02]} Rd8 {[%emt 0:01:23]} 26. Rc2 {[%emt 0:04:07]} Kf8 {[%emt 0:00:16]} 27. g4 {[%emt 0:00:08]} Rd6 {[%emt 0:00:11]} 28. Kg2 {[%emt 0:00:35]} Ke7 {[%emt 0:00:49]} 29. Rc5 {[%emt 0:00:35]} h6 {[%emt 0:00:47]} 30. Ra5 {[%emt 0:00:35]} Rd7 {[%emt 0:00:04]} 31. h4 {[%emt 0:00:03]} Kd6 {[%emt 0:03:59]} 32. h5 {[%emt 0:01:40]} Ke6 {[%emt 0:00:57]} 33. Kg3 {[%emt 0:01:25]} gxh5 {[%emt 0:01:42]} 34. Rxh5 {[%emt 0:00:41]} Rd2 {[%emt 0:03:30]} 35. Rxh6+ {[%emt 0:00:04]} Kd7 {[%emt 0:00:02]} 36. Rf6 {[%emt 0:00:16]} Ke8 {[%emt 0:00:03]} 37. Rxc6 {[%emt 0:00:13]} Rxb2 {[%emt 0:00:03]} 38. Ra6 {[%emt 0:00:05]} Rb7 {[%emt 0:00:07]} 39. g5 {[%emt 0:00:40]} Kf8 {[%emt 0:02:10]} 40. f4 {[%emt 0:00:53]} Kg7 {[%emt 0:00:45]} 41. Kg4 {[%emt 0:00:15]} Rc7 {[%emt 0:00:05]} 42. a4 {[%emt 0:00:28]} Rd7 {[%emt 0:00:14]} 43. a5 {[%emt 0:00:53]} Rc7 {[%emt 0:01:01]} 44. Kf5 {[%emt 0:02:12]} Rb7 {[%emt 0:00:40]} 45. Kg4 {[%emt 0:00:46]} Rc7 {[%emt 0:00:05]} 46. Rf6 {[%emt 0:00:09]} Rc5 {[%emt 0:00:22]} 47. a6 {[%emt 0:00:18]} Ra5 {[%emt 0:00:20]} 48. Kf3 {[%emt 0:00:02]} Ra4 {[%emt 0:00:06]} 49. Ke3 {[%emt 0:00:08]} Kg8 {[%emt 0:00:22]} 50. Kd3 {[%emt 0:00:03]} Kg7 {[%emt 0:00:09]} 51. Ke3 {[%emt 0:01:10]} Kg8 {[%emt 0:00:05]} 52. Kf3 {[%emt 0:01:29]} Kg7 {[%emt 0:00:06]} 53. Kg4 {[%emt 0:00:26]} Ra5 {[%emt 0:00:11]} 54. Rc6 {[%emt 0:00:23]} Kg8 {[%emt 0:02:43]} 55. g6 {[%emt 0:00:36]} fxg6 {[%emt 0:00:35]} 56. Rxg6+ {[%emt 0:00:17]} Kf7 {[%emt 0:01:16]} 57. Rh6 {[%emt 0:00:24]} Kg7 {[%emt 0:01:30]} 58. Rc6 {[%emt 0:00:11]} Kf7 {[%emt 0:01:19]} 59. Rc7+ {[%emt 0:00:04]} Kg6 {[%emt 0:00:33]} 60. Rxa7 {[%emt 0:00:03]} Ra1 {[%emt 0:00:34]} 61. Ra8 {[%emt 0:00:22]} Rg1+ {[%emt 0:00:13]} 62. Kf3 {[%emt 0:00:05]} Rf1+ {[%emt 0:00:13]} 63. Ke3 {[%emt 0:00:13]} Re1+ {[%emt 0:00:06]} 64. Kf2 {[%emt 0:00:25]} Ra1 {[%emt 0:00:06]} 65. a7 {[%emt 0:00:22]} Kg7 {[%emt 0:00:08]} 66. f5 {[%emt 0:00:02]} Ra6 {[%emt 0:00:08]} 67. Ke3 {[%emt 0:00:02]} Kh7 {[%emt 0:00:19]} 68. f6 {[%emt 0:00:11]} Rxf6 {[%emt 0:00:11]} 69. Rb8 {[%emt 0:00:05]} 1-0

[Event "1st Gujarat GM Open 2018"]
[Site "Ahmedabad"]
[Date "2018.10.10"]
[Round "8"]
[White "Neverov, Valeriy"]
[Black "Srijit Paul"]
[Result "1-0"]
[WhiteElo "2488"]
[BlackElo "2292"]
[Annotator "TA"]
[PlyCount "97"]
[EventDate "2018.10.05"]
[EventType "swiss"]
[EventCountry "IND"]
[SourceTitle "playchess.com"]
[Source "ChessBase"]
[SourceQuality "1"]

{[%evp 9,97,20,29,20,47,40,47,48,52,47,50,45,39,36,36,36,47,23,32,22,34,33,37,40,41,38,44,39,37,16,35,17,37,33,44,34,42,43,50,24,33,24,27,27,31,31,37,15,17,14,31,26,41,21,21,17,56,31,37,37,29,33,43,31,54,53,64,49,100,113,107,102,140,59,54,53,53,50,33,32,96,31,34,0,0,-69,0,-208,-174,-689]} 1. Nf3 f5 2. d4 Nf6 3. Nbd2 (3. e3 g6 4. b4 Bg7 5. Bb2 O-O 6. c4 b6 7. Be2 Bb7 8. O-O e6 9. Nc3 Qe7 10. Qb3 d6 11. d5 e5 {1-0 (26) Inarkiev,E (2689)-Cheparinov,I (2710) Riadh 2017}) 3... g6 4. b4 Bg7 5. Bb2 O-O 6. e3 $146 {A80: Dutch Defence: Unusual White second moves} ({Predecessor:} 6. g3 d6 7. Bg2 Nbd7 8. O-O h6 9. c4 e5 10. dxe5 Ng4 {1-0 (42) Poley,V (2312)-Hedstrom,J Stockholm 2009}) 6... c6 7. a4 d5 8. c4 {White is slightly better.} Ne4 9. Be2 Be6 10. O-O Nxd2 11. Nxd2 {[%cal Bf3d2,Bd2c4,Bc4e5][%mdl 32]} dxc4 12. Nxc4 Nd7 13. Rc1 Nb6 14. Qc2 Rc8 15. Ne5 Bd5 16. Rfd1 Qe8 17. Bf1 Nd7 18. a5 a6 19. Nd3 Qf7 20. Rd2 Bh6 21. Re1 Bb3 22. Qb1 Ba2 23. Qc1 Bc4 24. f3 {Threatens to win with Nc5.} Bb5 25. Kh1 Qb3 26. Bc3 Rce8 27. Rb2 Qf7 28. Qd1 Bg7 29. Rd2 Bh6 30. Qb1 Nf6 31. Rf2 Nd5 32. Bd2 Nf6 33. Be2 {[%cal Bf1e2,Be2d1,Bd1c2][%mdl 32]} Nd7 34. Bd1 e5 35. dxe5 Nxe5 36. Nc5 Rd8 37. Bc2 Bg7 38. h3 Kh8 (38... Bf6 $14) 39. Bc3 $16 Rfe8 40. Qa1 Re7 41. Rd1 (41. f4 $16 Nc4 42. Bb3 Bxc3 43. Qxc3+ Qg7 44. Qc1) 41... Rxd1+ $14 42. Qxd1 Nc4 43. Bxg7+ Kxg7 44. e4 Qf6 (44... fxe4 $1 $14 45. Nxe4 Qd5) 45. exf5 (45. f4 $16) 45... Ne3 46. Qb1 (46. Qd2 $5 {[%cal Rc5e6]} gxf5 47. Bb3 $14) 46... gxf5 47. f4 ({Better is} 47. Bd3 $11) 47... Qh4 (47... Qc3 $1 $15 48. Kh2 Nf1+ $1 {[%mdl 512]} 49. Rxf1 Bxf1) 48. Qb2+ $2 {[#]} (48. Kg1 $1 $11 {and White stays safe.}) 48... Kh6 $1 $19 49. g3 $2 {[%mdl 32768] Precision: White = 53%, Black = 53%. . Loss on Time!?} (49. Qh8 Kh5 50. Kg1 Nxc2 51. Ne4 fxe4 52. g4+ Kg6 53. Qf8 Qg3+ 54. Rg2 Qe1+ 55. Kh2) 1-0

[Event "1st Gujarat GM Open 2018"]
[Site "Ahmedabad"]
[Date "2018.10.10"]
[Round "8"]
[White "Rahman, Ziaur"]
[Black "Nandhidhaa, P V"]
[Result "1-0"]
[WhiteElo "2473"]
[BlackElo "2212"]
[Annotator "TA"]
[PlyCount "85"]
[EventDate "2018.10.05"]
[EventType "swiss"]
[EventCountry "IND"]
[SourceTitle "playchess.com"]
[Source "ChessBase"]
[SourceQuality "1"]

{[%evp 17,85,6,12,0,0,0,0,-13,0,0,0,0,14,-25,14,20,13,-22,0,0,12,8,18,18,32,0,15,14,14,15,8,8,11,8,15,12,56,52,66,44,49,49,60,53,77,53,53,53,53,53,147,108,164,139,212,204,189,140,322,299,545,360,1286,1271,1125,670,2012,1387,29996,29997]} 1. d4 Nf6 2. Bg5 g6 3. Bxf6 exf6 4. e3 d5 5. c4 dxc4 6. Bxc4 Bd6 {D00: 1 d4 d5: Unusual lines} 7. Nf3 (7. Nc3 c6 8. Nge2 Nd7 9. a3 Qe7 10. Qc2 Kf8 11. Ba2 Kg7 12. O-O-O f5 13. Kb1 Nf6 14. Nc1 {1-0 (51) Duda,J (2737)-Grischuk,A (2766) chess.com INT 2018}) 7... O-O 8. Nc3 c6 9. O-O Nd7 {LiveBook: 3 Games} 10. a3 f5 11. Qc2 Nf6 12. Rfd1 Qe7 13. d5 c5 $146 ({Predecessor:} 13... Bd7 14. Qb3 b5 15. Bf1 a6 16. g3 Rfd8 {0-1 (40) Gonzalez Valero,J (2288)-Baron Rodriguez,J (2445) Barcelona 2005}) 14. a4 Bd7 15. Nb5 Rfc8 16. Nxd6 Qxd6 17. g3 Rd8 18. Ng5 b6 19. Ne6 Rdb8 20. Qc3 Ne8 $1 21. Bf1 Qe7 ({Wrong is} 21... fxe6 $2 22. dxe6 Qxd1 23. Rxd1 $18) 22. Nf4 {[#] And now d6! would win.} Nd6 23. Bg2 Rc8 24. h4 h6 25. b3 {[%cal Bb2b3,Bb3b4][%mdl 32]} Re8 26. a5 Rec8 27. axb6 axb6 28. Rxa8 Rxa8 29. Ne6 {[%csl Ge6][%cal Rc3g7]} f6 30. b4 c4 31. Qd4 b5 32. e4 fxe4 33. Bxe4 Be8 (33... Nxe4 $14 34. Qxe4 f5) 34. Bb1 {[%cal Be4b1,Bb1c2,Bc2h7][%mdl 32]} Bf7 (34... f5 $16 {might work better.}) 35. Qf4 g5 (35... f5 $16 {was called for.}) 36. hxg5 $18 hxg5 37. Qg4 $40 {[%mdl 128] White is out for blood.} c3 $2 (37... Bxe6 $16 38. dxe6 Ra7) 38. Re1 Rc8 $2 (38... Ra7 39. Qh3 Bxe6 40. Rxe6 Qf8) 39. Bc2 Rc4 $2 (39... f5 40. Qd4 (40. Qxg5+ Qxg5 41. Nxg5 Rc4 $11) 40... Ne8 41. Bxf5 Rc4) 40. Qh3 {[%csl Gc2][%cal Rh3h7]} Be8 41. Re3 Qf7 {intending ...Qh5.} 42. Qh6 {Threatening mate with Bh7+!} g4 {[#]} 43. Bh7+ $1 {[%mdl 512] Precision: White = 76%, Black = 32%.} 1-0

[Event "1st Gujarat GM Open 2018"]
[Site "Ahmedabad"]
[Date "2018.10.10"]
[Round "8"]
[White "Swayams, Mishra"]
[Black "Surendran N"]
[Result "1-0"]
[WhiteElo "2463"]
[BlackElo "2210"]
[Annotator "RC"]
[PlyCount "135"]
[EventDate "2018.10.05"]
[EventType "swiss"]
[EventCountry "IND"]
[SourceTitle "playchess.com"]
[Source "ChessBase"]
[SourceQuality "1"]
[TimeControl "5400+30"]

1. d4 {[%emt 0:05:15]} Nf6 {[%emt 0:00:00]} 2. c4 {[%emt 0:00:12]} e6 {[%emt 0:00:00]} 3. Nc3 {[%emt 0:00:01]} Bb4 {[%emt 0:00:00]} 4. Nf3 {[%emt 0:00:04]} d5 {[%emt 0:00:09]} 5. Qa4+ {[%emt 0:00:10]} Nc6 {[%emt 0:00:08]} 6. e3 {[%emt 0:00:04]} O-O {[%emt 0:00:13]} 7. Bd2 {[%emt 0:01:19]} a6 {[%emt 0:02:40]} 8. Qc2 {[%emt 0:00:55]} dxc4 {[%emt 0:01:21]} 9. Bxc4 {[%emt 0:00:07]} Bd6 {[%emt 0:00:32]} 10. O-O {[%emt 0:00:56]} Re8 {[%emt 0:02:06]} 11. h3 {[%emt 0:05:35]} h6 {[%emt 0:03:38]} 12. Rad1 {[%emt 0:14:21]} Qe7 {[%emt 0:17:18]} 13. Ne4 {[%emt 0:22:21]} Nxe4 {[%emt 0:08:28]} 14. Qxe4 {[%emt 0:00:03]} e5 {[%emt 0:23:27]} 15. Bc3 {[%emt 0:05:54]} exd4 {[%emt 0:00:54]} 16. Qxe7 {[%emt 0:00:03]} Nxe7 {[%emt 0:00:15]} 17. Nxd4 {[%emt 0:00:25]} b5 {[%emt 0:03:48]} 18. Bd3 {[%emt 0:02:57]} Nd5 {[%emt 0:01:37]} 19. Ba5 {[%emt 0:03:37]} Bb7 {[%emt 0:07:30]} 20. Rd2 {[%emt 0:03:49]} c5 {[%emt 0:05:15]} 21. Nf3 {[%emt 0:00:51]} Bc7 {[%emt 0:06:27]} 22. Bxc7 {[%emt 0:00:35]} Nxc7 {[%emt 0:00:02]} 23. Rfd1 {[%emt 0:00:35]} g6 {[%emt 0:01:59]} 24. Be2 {[%emt 0:01:14]} Ne6 {[%emt 0:01:17]} 25. Ne5 {[%emt 0:01:19]} Rad8 {[%emt 0:03:52]} 26. Rd7 {[%emt 0:02:47]} Rxd7 {[%emt 0:02:55]} 27. Rxd7 {[%emt 0:00:20]} Nf8 {[%emt 0:00:04]} 28. Rxb7 {[%emt 0:01:09]} Rxe5 {[%emt 0:00:06]} 29. Ra7 {[%emt 0:01:14]} Re6 {[%emt 0:00:42]} 30. a4 {[%emt 0:03:12]} bxa4 {[%emt 0:00:17]} 31. Bxa6 {[%emt 0:02:44]} Re4 {[%emt 0:00:43]} 32. Bb5 {[%emt 0:01:11]} Rb4 {[%emt 0:00:10]} 33. Bxa4 {[%emt 0:02:35]} Rxb2 {[%emt 0:00:42]} 34. Be8 {[%emt 0:00:08]} f6 {[%emt 0:00:17]} 35. Rc7 {[%emt 0:00:50]} Rc2 {[%emt 0:01:40]} 36. Bf7+ {[%emt 0:01:22]} Kh8 {[%emt 0:00:12]} 37. g4 {[%emt 0:02:29]} g5 {[%emt 0:01:30]} 38. Kg2 {[%emt 0:00:57]} Rc1 {[%emt 0:01:46]} 39. Kf3 {[%emt 0:02:50]} c4 {[%emt 0:01:15]} 40. Ke4 {[%emt 0:02:04]} c3 {[%emt 0:03:44]} 41. Kf5 {[%emt 0:00:07]} Rf1 {[%emt 0:00:07]} 42. f4 {[%emt 0:00:06]} gxf4 {[%emt 0:00:06]} 43. exf4 {[%emt 0:00:03]} Rb1 {[%emt 0:01:42]} 44. Kxf6 {[%emt 0:02:53]} Rb6+ {[%emt 0:00:24]} 45. Kf5 {[%emt 0:02:30]} Rb5+ {[%emt 0:00:24]} 46. Ke4 {[%emt 0:00:30]} Rb4+ {[%emt 0:00:10]} 47. Kf3 {[%emt 0:00:43]} Kg7 {[%emt 0:00:14]} 48. Bd5+ {[%emt 0:00:42]} Kh8 {[%emt 0:00:47]} 49. Rxc3 {[%emt 0:01:18]} Ng6 {[%emt 0:00:07]} 50. Be4 {[%emt 0:00:35]} Nf8 {[%emt 0:00:16]} 51. Bf5 {[%emt 0:00:15]} Rb7 {[%emt 0:00:25]} 52. Kg3 {[%emt 0:00:27]} Kg7 {[%emt 0:00:03]} 53. Kh4 {[%emt 0:01:46]} Ra7 {[%emt 0:00:02]} 54. Kh5 {[%emt 0:00:24]} Rb7 {[%emt 0:00:28]} 55. h4 {[%emt 0:00:35]} Ra7 {[%emt 0:00:05]} 56. Rc6 {[%emt 0:01:06]} Rb7 {[%emt 0:00:44]} 57. Rxh6 {[%emt 0:00:41]} Rb4 {[%emt 0:00:06]} 58. Kg5 {[%emt 0:00:20]} Rxf4 {[%emt 0:00:07]} 59. Kxf4 {[%emt 0:00:09]} Kxh6 {[%emt 0:00:03]} 60. h5 {[%emt 0:00:20]} Kg7 {[%emt 0:00:17]} 61. g5 {[%emt 0:00:39]} Kf7 {[%emt 0:00:24]} 62. Ke5 {[%emt 0:01:02]} Kg7 {[%emt 0:00:18]} 63. Kd6 {[%emt 0:00:10]} Kf7 {[%emt 0:00:10]} 64. Bd3 {[%emt 0:00:56]} Kg8 {[%emt 0:00:38]} 65. Ke7 {[%emt 0:00:09]} Kg7 {[%emt 0:00:04]} 66. Bf5 {[%emt 0:00:44]} Kg8 {[%emt 0:00:08]} 67. Kf6 {[%emt 0:00:31]} Kh8 {[%emt 0:00:12]} 68. Kf7 {[%emt 0:00:21]} 1-0

[Event "1st Gujarat GM Open 2018"]
[Site "Ahmedabad"]
[Date "2018.10.10"]
[Round "8"]
[White "Gukesh D"]
[Black "Soham Datar"]
[Result "1-0"]
[WhiteElo "2456"]
[BlackElo "2060"]
[Annotator "TA"]
[PlyCount "109"]
[EventDate "2018.10.05"]
[EventType "swiss"]
[EventCountry "IND"]
[SourceTitle "playchess.com"]
[Source "ChessBase"]
[SourceQuality "1"]

{[%evp 9,109,-2,2,0,4,0,18,16,29,0,-7,-2,30,12,41,52,51,0,0,0,7,0,85,48,51,52,52,19,52,50,52,28,67,67,74,52,126,78,82,57,64,57,68,41,94,85,185,162,175,175,191,214,175,157,223,227,238,243,262,249,277,266,281,268,561,555,497,541,484,494,1510,1497,5618,5181,29981,29982,29979,29978,29962,876,905,1395,1364,1325,822,772,2468,2751,2138,1841,29980,29980,29979,29979,29983,29981,29992,29993,29993,29988,29988,29989]} 1. Nf3 c5 2. c4 g6 3. Nc3 Bg7 4. g3 e5 (4... Nc6 5. Bg2 e5 6. d3 Nge7 7. Nd2 d6 8. Nf1 a6 9. Bg5 Rb8 10. a4 Be6 11. Bxe7 Nxe7 12. Ne3 h5 13. h4 O-O 14. Ned5 Nc6 15. e3 a5 16. O-O Nb4 17. Qd2 Qd7 18. Nxb4 cxb4 19. Ne4 Kh8 20. Ng5 Rbe8 21. Nxe6 {½-½ (21) Adhiban,B (2655)-Wei,Y (2743) Wijk aan Zee 2018}) 5. e3 f5 $146 ({Predecessor:} 5... Nc6 6. d4 cxd4 7. exd4 d6 8. dxe5 dxe5 9. Qxd8+ Nxd8 10. Nb5 Bg4 11. Bg2 {½-½ (81) Killmer,R-Topolewski,D Germany 1987}) 6. d4 {A34: Symmetrical English: 2 Nc3, lines with ...d5} e4 $1 {[%cal Re4f3]} 7. Nd2 cxd4 8. exd4 {The position is equal.} Nf6 9. c5 d5 10. cxd6 a6 11. Nc4 {White wants to play Qb3.} O-O 12. Qb3 $36 {[%mdl 2048] Threatens to win with Nb6+. White has the initiative.} Kh8 13. Ne5 {Black should prevent Bf4.} Nc6 $1 {[%cal Rc6d4]} 14. Nxc6 bxc6 15. Bf4 g5 (15... Ng4 $11 {remains equal.}) 16. Be5 Ng4 17. Bxg7+ Kxg7 18. h3 Nh6 19. O-O-O Qxd6 20. d5 c5 21. Na4 Rf6 22. Qc3 c4 (22... Bd7 $14 23. Nxc5 Rc8) 23. Qxc4 Bd7 {...Rc8 is the strong threat.} 24. Nc3 Nf7 25. Qd4 Rb8 26. a3 Ne5 {[#]} (26... Qb6 $14 27. b4 Nd6) 27. Be2 $1 $16 Bb5 (27... Be8 $16) 28. Nxb5 $18 axb5 29. Kb1 b4 30. a4 b3 31. Bb5 Kg8 (31... Rc8 $16 {was necessary.}) 32. Qe3 h6 33. Qxb3 Nd3 34. Rd2 f4 35. gxf4 Rxf4 36. Rc2 Rxf2 $2 (36... Qb4 37. Qxb4 Nxb4) 37. Rxf2 Nxf2 38. Rc1 Nd3 39. Rc6 Qh2 (39... Qb4 $142 40. Qxb4 Nxb4) 40. d6+ Kf8 41. d7 {Rf6+ would kill now.} Qg1+ 42. Ka2 Nc1+ {[#]} 43. Rxc1 $1 {[%mdl 512]} Qxc1 {[%mdl 4096] Endgame KQR-KQB} 44. Qe6 (44. Qb4+ $142 Kf7 45. Bc4+ Kg6 46. Qd6+ Kh5 47. Be2+ Kh4 48. Qxb8 Qe3 49. Bb5) 44... Qf4 45. Qe8+ Kg7 46. d8=Q Rxd8 47. Qxd8 e3 48. Qe7+ Kh8 49. a5 {[%cal Ba4a5,Ba5a6][%mdl 32]} Qf3 50. Qe5+ {White mates.} Kg8 51. a6 g4 52. hxg4 {[%cal Bh3g4,Bg4f5][%mdl 32]} h5 53. Bc4+ Kf8 54. Qf5+ Qxf5 55. gxf5 {Precision: White = 59%, Black = 24%.} 1-0

[Event "1st Gujarat GM Open 2018"]
[Site "Ahmedabad"]
[Date "2018.10.10"]
[Round "8"]
[White "Kasparov, Sergey"]
[Black "Srihari L R"]
[Result "1/2-1/2"]
[WhiteElo "2453"]
[BlackElo "2170"]
[Annotator "TA"]
[PlyCount "69"]
[EventDate "2018.10.05"]
[EventType "swiss"]
[EventCountry "IND"]
[SourceTitle "playchess.com"]
[Source "ChessBase"]
[SourceQuality "1"]

{[%evp 25,69,12,7,8,58,61,57,27,28,28,28,8,78,13,97,6,7,9,12,0,0,0,0,0,57,0,9,5,14,23,19,17,41,33,35,0,0,0,0,0,0,0,0,0,0,0]} 1. d4 d5 2. c4 e6 3. Nf3 c5 4. cxd5 exd5 5. g3 Nc6 6. Bg2 Nf6 7. O-O Be7 8. Nc3 O-O 9. Bg5 c4 10. Ne5 Be6 11. e3 h6 12. Bxf6 Bxf6 13. Nxc6 {D34: Tarrasch Defence: 6 g3 Nf6 7 Bg2 Be7} (13. f4 Ne7 14. Qd2 g6 15. b3 cxb3 16. axb3 Bg7 17. Nd3 h5 18. Rfc1 a6 19. Nc5 Bc8 20. Bf3 b6 {1-0 (60) Tran,T (2491)-Morovic Fernandez,I (2550) Moscow 2017}) 13... bxc6 {LiveBook: 7 Games} 14. b3 c5 (14... cxb3 {is more complex.} 15. axb3 c5 16. Ne2 Bg4 17. Qd2 Bxe2 18. Qxe2 cxd4 19. exd4 Rb8) 15. bxc4 {[%cal Rc3d5] White is slightly better.} cxd4 $146 ({Predecessor:} 15... dxc4 16. Ne4 Be7 17. Nxc5 Bxc5 18. dxc5 Rc8 19. Qxd8 Rfxd8 20. c6 Bd5 {½-½ (47) Nogly,C (2257)-Fischer,M (2163) Germany 2014}) 16. Nxd5 Bxd5 17. Bxd5 dxe3 18. fxe3 (18. Rc1 {feels hotter.} exf2+ 19. Rxf2 Rc8 20. Qg4 Rc7 21. Rd1) 18... Qe7 (18... Bxa1 $11 19. Bxa8 Qxa8 20. Qxa1 Rc8) 19. Rxf6 (19. Qf3 $16 Rab8 20. Rab1) 19... gxf6 (19... Qxf6 $11 {remains equal.} 20. Bxa8 Rxa8) 20. Bxa8 (20. Qg4+ $16 Kh8 21. Qf4) 20... Qxe3+ $11 21. Kg2 Rxa8 {[%mdl 4096] Endgame KQR-KQR} 22. Qf3 Qd2+ $1 23. Kh3 Re8 24. Rd1 ({Don't go for} 24. Qxf6 $2 Re2 $19) 24... Qe2 ({Black should try} 24... Qxa2 $11 25. Rd4 (25. Qxf6 Qxc4 26. Qxh6 Qc8+ 27. g4 Qc3+ 28. Kh4 a5 $11) 25... Qa6) 25. Rd3 (25. Qxe2 $14 Rxe2 26. a4) 25... Qe6+ 26. Qg4+ Qxg4+ 27. Kxg4 {KR-KR} Re4+ 28. Kh5 {Black must now prevent Rc3.} Re2 29. h4 Kg7 30. Ra3 Rc2 {The position is equal.} 31. Ra4 f5 32. Rxa7 Rxc4 33. Ra5 Rc2 34. Rxf5 {And now a4 would win.} Rxa2 35. Kg4 {Precision: White = 35%, Black = 65%.} 1/2-1/2